Akta-akta dan kaedah-kaedah untuk unit penguatkuasa kerajaan tempatan(hingga 15hb.Ogos 1991)
| Corporate Author: | |
|---|---|
| Format: | Book |
| Published: |
Kuala Lumpur :
ILBS ,
1991
|
| Subjects: |
MARC
| LEADER | 00000cam a2200000 7i4500 | ||
|---|---|---|---|
| 001 | 0000003121 | ||
| 002 | 000003376 | ||
| 005 | 20000330.0 | ||
| 020 | |a 9678904322 | ||
| 090 | 0 | 0 | |a 342.595 |b MAL |
| 110 | 2 | |a Malaysia | |
| 240 | 0 | 0 | |a Local government Acts |
| 245 | 0 | 0 | |a Akta-akta dan kaedah-kaedah untuk unit penguatkuasa kerajaan tempatan(hingga 15hb.Ogos 1991) |c disusun oleh Lembaga Penyelidikan Undang-Undang |
| 260 | |a Kuala Lumpur : |b ILBS , |c 1991 | ||
| 300 | |a 639p. ; |c 24cm. | ||
| 650 | 0 | 0 | |a nforcement officer |z Malaysia |
| 999 | |a 048560 |b BUKU |c AKTA |e PERPUSTAKAAN KOMUNITI PETALING JAYA | ||